The second largest city of... Quiz Stats

 Plays Quiz not verified by Sporcle

Also try: Capital Match Game
Challenge
Share
Tweet
Embed
Score 0/12 Timer 02:00
1 Play Today
Country Second largest city % Correct
SpainBarcelona
96.8%
United KingdomBirmingham
84.8%
FranceMarseille
83.8%
GermanyHamburg
83.8%
SwitzerlandGeneva
81.5%
IrelandCork
79.6%
PortugalPorto
71.2%
NetherlandsRotterdam
59.6%
BelgiumAntwerp
52%
NorwayBergen
49.9%
SwedenGothenburg
46.7%
AustriaGraz
43.2%

You're not logged in!

Compare scores with friends on all Sporcle quizzes.
OR
Log In

You Might Also Like...

Show Comments

Extras

Top Quizzes Today


Score Distribution

Your Account Isn't Verified!

In order to create a playlist on Sporcle, you need to verify the email address you used during registration. Go to your Sporcle Settings to finish the process.

Report this User

Report this user for behavior that violates our Community Guidelines.

Details: